000 00329nam a22001217a 4500
999 _c66842
_d66839
082 _aR/4CE17
100 _aHassan Ali
_a17CE05
245 _aWorkability of Recycled Coarse Aggregateconcrete by Slump Test
260 _aNawabshah:
_bQUEST,
_c2020.
300 _a31p. ;
700 _aDepartment of Civil Engineering
942 _cTHESIS